Tập làm quen quản lý cơ sở dữ liệu hiệu quả nhất : Giáo trình cầm tay chỉ việc

Hướng dẫn bạn đọc về những kỹ năng sử dụng các ứng dụng máy tính một cách thành thạo và dễ dàng, với các dự án thực hiện đơn giản và dễ hiểu dành cho học sinh, sinh viên đang theo học các khóa học căn bản về tin học....

Full beskrivning

Sparad:
Bibliografiska uppgifter
Huvudupphovsman: Trương, Thanh Hải
Materialtyp: Bok
Språk:Undetermined
Publicerad: Thành phố Hồ Chí Minh Hồng Đức 2008
Ämnen:
Taggar: Lägg till en tagg
Inga taggar, Lägg till första taggen!
Thư viện lưu trữ: Trung tâm Học liệu Trường Đại học Cần Thơ
LEADER 01075nam a2200217Ia 4500
001 CTU_159242
008 210402s9999 xx 000 0 und d
020 |c 56000 
082 |a 005.7565 
082 |b H103 
100 |a Trương, Thanh Hải 
245 0 |a Tập làm quen quản lý cơ sở dữ liệu hiệu quả nhất : 
245 0 |b Giáo trình cầm tay chỉ việc 
245 0 |c Trương Thanh Hải, Nguyễn Tấn Minh 
260 |a Thành phố Hồ Chí Minh 
260 |b Hồng Đức 
260 |c 2008 
520 |a Hướng dẫn bạn đọc về những kỹ năng sử dụng các ứng dụng máy tính một cách thành thạo và dễ dàng, với các dự án thực hiện đơn giản và dễ hiểu dành cho học sinh, sinh viên đang theo học các khóa học căn bản về tin học. 
650 |a Microsoft Access,Database management 
904 |i Ánh Vân (Bé Ba), Giang 
980 |a Trung tâm Học liệu Trường Đại học Cần Thơ